R5 songs - Statistics

General Stats
  • This quiz has been taken 33 times
  • The average score is 13 of 15
Answer Stats
Hint Answer % Correct
Let's not be _____ tonight Alone
96%
F.E.E.L._._._._ G.O.O.D
96%
One last ___ Dance
91%
_____ made up on you Heart
91%
All _____ Night
91%
____ Girls Cali
87%
___ me by Pass
87%
Lightning ______ Strikes
87%
______ ___ looking up Things are
87%
____ Side Dark
83%
_______ i was 23 wishing
83%
I know you ___ ____ got away
78%
____ Hearts Wild
78%
______ for you Fallin
74%
_________ days Repeating
65%
No matching quizzes found
Score Distribution
Percent of People with Each Score
Percentile by Number Answered
Your Score History
You have not taken this quiz